00690 a2200229 4500260001000000630011500010650003100125100001900156260002600175245010100201300001100302650001600313650001200329650002000341650001200361260000900373300001000382100000700392440003900399037001000438044001200448 aTunis a91 - Geographie. Exploration de la terre, des diverses regions, des divers pays. Voyages. Geographie regionale a9 - GEOGRAPHIE ET HISTOIRE aSethom, Hafedh bUniversité de Tunis aL'Agriculture de la presqu'île du Cap Bon (Tunisie) : structures sociales et économie rurale a529 p. aAgriculture aCap Bon aEconomie rurale aTunisie c1977 b27 cm lFr aCollection connaissance du Maghreb aL1458 cTunisie